header

An introduction to ethics : (Record no. 259446)

MARC details
000 -LEADER
fixed length control field 00505nam a22001817a 4500
003 - CONTROL NUMBER IDENTIFIER
control field OSt
005 - DATE AND TIME OF LATEST TRANSACTION
control field 20220928112454.0
008 - FIXED-LENGTH DATA ELEMENTS--GENERAL INFORMATION
fixed length control field 220928b xxu||||| |||| 00| 0 eng d
020 ## - INTERNATIONAL STANDARD BOOK NUMBER
International Standard Book Number 0130619116,
International Standard Book Number 9780130619112
040 ## - CATALOGING SOURCE
Language of cataloging Eng
Transcribing agency RU
050 ## - LIBRARY OF CONGRESS CALL NUMBER
Classification number BJ1012
Item number .M24 2003
100 ## - MAIN ENTRY--PERSONAL NAME
Personal name Sinclair A. MacRae.
245 ## - TITLE STATEMENT
Title An introduction to ethics :
Remainder of title theories, perspectives and issues
260 ## - PUBLICATION, DISTRIBUTION, ETC. (IMPRINT)
Place of publication, distribution, etc Toronto :
Name of publisher, distributor, etc Prentice Hall,
Date of publication, distribution, etc c2003.
300 ## - PHYSICAL DESCRIPTION
Extent xxx, 290 p. ;
Dimensions 26 cm.
942 ## - ADDED ENTRY ELEMENTS (KOHA)
Source of classification or shelving scheme Library of Congress Classification
Koha item type Long Loan Books
Holdings
Withdrawn status Lost status Source of classification or shelving scheme Damaged status Not for loan Collection code Home library Current library Shelving location Date acquired Total Checkouts Full call number Barcode Date last seen Price effective from Koha item type
    Library of Congress Classification     Non-fiction Rongo University Library Rongo University Library General Stacks 28/09/2022   BJ1012 .M24 2003 20153077 28/09/2022 28/09/2022 Long Loan Books
    Library of Congress Classification     Non-fiction Rongo University Library Rongo University Library General Stacks 28/09/2022   BJ1012 .M24 2003 20153079 28/09/2022 28/09/2022 Long Loan Books
    Library of Congress Classification     Non-fiction Rongo University Library Rongo University Library General Stacks 28/09/2022   BJ1012 .M24 2003 20153091 28/09/2022 28/09/2022 Long Loan Books

© 2026 Rongo University
Contact us: librarian | system librarian | Rongo university